[Event "Capablanca Memorial Elite 49th"]
[Site "Havana"]
[Date "2014.05.14"]
[Round "6"]
[White "Ivanchuk, Vassily"]
[Black "Dominguez Perez, Leinier"]
[Result "1/2-1/2"]
[WhiteElo "2753"]
[BlackElo "2768"]
[Annotator "Ftacnik,L"]
[PlyCount "56"]
[EventDate "2014.05.08"]
[EventType "tourn"]
[EventRounds "10"]
[EventCountry "CUB"]
[EventCategory "19"]
[SourceTitle "CBM 161"]
[Source "ChessBase"]
[SourceDate "2014.07.16"]
[SourceVersion "1"]
[SourceVersionDate "2014.07.16"]
[SourceQuality "1"]

1. e4 c5 2. Nf3 d6 3. d4 cxd4 4. Nxd4 Nf6 5. Nc3 a6 6. f4 Qc7 7. Be2 e5 8. Nf5
{The great part of the strength of the setup d6-e5 in the Scheveningen/Najdorf
Sicilian is the fact, that the proudest of all white pieces does not have a
good retreat square. Usually the knight can hardly dream of jumping to f5 as
Black has the d6-d5 advance.} (8. Nb3) 8... Bxf5 (8... Be6 9. O-O Nc6 10. Kh1
Rd8 11. Qe1 Bxf5 12. exf5 Be7 13. Qg3 e4 14. Qxg7 Rg8 15. Qh6 d5 16. g4 d4 17.
g5 dxc3 (17... Bf8 18. Qxf6 Bg7 19. Qxd8+ Kxd8 20. Nxe4 Re8 21. Bd3 $11) 18.
gxf6 Bb4 19. Qxh7 $14 {1-0 (34) Kindermann,S (2520)-Renet,O (2455) Altensteig
1987}) 9. exf5 Nc6 $1 {[%mdl 4] A great developing move that is much more
active than the modest 9...Nbd7. The knight threatens to jump to the d6- and
b4-squares, which significantly complicates attempts to exploit the hole on d5.
} (9... Nbd7 10. g4 Qc6 11. Bf3 e4 12. Bg2 d5 13. g5 Bc5 14. gxf6 Nxf6 15. Ne2
Qb6 16. c3 Bf2+ 17. Kf1 Rc8 (17... O-O 18. Bh3 $14) 18. a4 a5 {1/2 (59)
Gavrikov,V (2550)-Rashkovsky,N (2470) Minsk 1987} 19. Ra3 $16) 10. O-O (10. g4
d5 11. Bf3 (11. g5 d4 12. gxf6 dxc3 13. bxc3 gxf6 $15) (11. Nxd5 $2 Nxd5 12.
Qxd5 Nb4 $19) 11... O-O-O 12. fxe5 Qxe5+ 13. Kf1 h5 14. gxh5 Qxf5 15. Kg2 Ne5
16. Rf1 Nxf3 17. Qxf3 Qxh5 $17 {0-1 (52) Sokolov,A (2595)-Ljubojevic,L (2610)
Brussels 1988}) 10... O-O-O {Vital alternatives in the opening lines are
always a good sign of the health of any position. Long castling has won the
popular vote, but Black seems to be perfectly fine even after 10...Rd8.} (10...
Rd8 11. Kh1 Be7 12. Be3 O-O 13. g4 d5 14. fxe5 d4 15. exf6 dxc3 16. Bd3 (16.
fxe7 Qxe7 17. Qc1 cxb2 18. Qxb2 Qxe3 19. Bf3 Rd2 $15) 16... Bxf6 17. g5 cxb2
18. gxf6 bxa1=Q 19. Qxa1 Rfe8 $19 {0-1 (22) Medina Garcia,A (2380)-Gheorghiu,F
(2520) Tel Aviv 1964}) 11. Nd5 Nxd5 {The fight for the critical d5-square will
make or break the variation. Much less convincing is the circumspect idea to
use the queen via the a5-square.} (11... Qa5 12. c4 Nxd5 13. cxd5 Nd4 14. Be3
Qxd5 15. Bc4 Qe4 16. Re1 Qxf5 17. Bxd4 (17. Bd5 $1 $16) 17... exd4 18. Qb3 Qa5
19. Bd5 Qb5 20. Qxb5 axb5 $11 {1/2 (25) Al Modiahki,M (2530)-Sammalvuo,T (2413)
Andorra 1999}) 12. Qxd5 Nb4 13. Qb3 d5 {Chessplayers have to learn that
whatever works is good. From this point if view taking on c2 with either piece
deserves some attention, but on higher level 13...d5 is definitely the move to
be played.} (13... Qxc2 14. Qxb4 Qxe2 15. Qb3 d5 16. Be3 d4 17. Bf2 Bd6 18.
Rfe1 Qb5 19. Qxb5 axb5 20. fxe5 Bc7 21. Rac1 Kb8 22. Rc5 d3 23. Rxb5 Rhe8 24.
Bg3 $14 {1-0 (47) Sokolov,A (2585)-Wahls,M (2550) Biel 1995}) (13... Nxc2 14.
Be3 Nxa1 15. Rxa1 exf4 16. Bb6 Qc6 17. Bxd8 Kxd8 18. Bf3 $11) 14. Bd2 $146 (14.
c3 Bc5+ 15. Kh1 Nc6 16. fxe5 Qxe5 17. Bd3 Qc7 18. Bf4 Bd6 19. Bxd6 Rxd6 20. f6
gxf6 21. Rad1 Kb8 $11 {0-1 (52) Abreu Delgado,A (2436)-Quesada Perez,Y (2513)
Yucatan 2004}) 14... Nc6 {Dominguez Perez was probably surprised by Ivanchuk's
novelty. With hindsight we can say that White's contribution is modest, as
after 14...e4!? Black might even hope to get something of a plus.} (14... e4 $5
15. Kh1 Nc6 16. Qe3 Bb4 17. c3 (17. Bxb4 Nxb4 18. Rac1 Nxa2 19. Rcd1 Nb4 20. c3
Nc6 21. c4 d4 22. Qxe4 Rhe8 $15) 17... Ba5 18. Rfd1 Bb6 19. Qh3 Kb8 20. b4 Ne7
$15) 15. fxe5 Qxe5 (15... Nxe5 16. Kh1 Nc4 17. Rad1 Bd6 18. f6 (18. Bc1 Bxh2
19. f6 Be5 20. fxg7 Rhg8 21. Bf3 Qc6 $11) 18... gxf6 19. Rxf6 Be5 20. Bg5 Bxf6
21. Bxf6 Rde8 22. Bg4+ Kb8 23. Bxh8 Rxh8 $11) 16. Rae1 Bd6 17. g3 Qf6 (17...
Nd4 18. Qc3+ Nc6 19. Bf3 Qxc3 20. Bxc3 d4 21. Bd2 Ne5 $11) 18. Bf3 h5 $5 {
Every player is taught that in positions with opposite castling it is
imperative to attack the opponent's king. Dominguez is not discouraged by the
fact, that all the white pieces are mobilised in the centre.} (18... Nd4 19.
Qc3+ (19. Qxd5 Nxf3+ 20. Qxf3 Bxg3 21. Bc3 Qb6+ 22. Qe3 Bc7 $11) 19... Kb8 20.
Bg2 Rc8 21. Qd3 Nxc2 22. Qxd5 Qd4+ 23. Qxd4 Nxd4 24. Re4 $14) 19. Bxd5 Bxg3 20.
Bc3 $1 {Ivanchuk is keeping a steady head and actively looks for ways to fight
for some advantage.} (20. hxg3 Qd4+ 21. Rf2 Qxd5 22. Qxd5 Rxd5 $11) 20... Bxh2+
$1 {The critical moment in the game as Black is trying to play the most
precise continuation that will give him clear equality.} (20... Qd6 21. Bxc6
bxc6 (21... Bxh2+ $2 22. Kh1 bxc6 23. f6 g5 24. Re7 $18) 22. Re2 Rhe8 23. Qc4
$14) 21. Kxh2 (21. Kg2 Qh4 22. Bxc6 bxc6 23. Qb6 Bc7 24. Qxa6+ Kb8 25. Rf3 Qg4+
26. Kf2 Qh4+ 27. Kf1 Qh1+ 28. Kf2 Qh4+ $11) 21... Qd6+ (21... Qh4+ $2 22. Kg1
Qg4+ 23. Bg2 $18) 22. Re5 $1 {Only the best players are able to combine with
any confidence original moves with a search for precise solutions.} (22. Kg1
Qc5+ 23. Kh1 Rxd5 $15) 22... Rhe8 (22... Nxe5 $4 23. Qxb7#) (22... f6 $2 23.
Bxc6 bxc6 24. Qe6+ $18) 23. Rfe1 (23. Bxc6 bxc6 24. Rfe1 f6 $11) 23... f6 24.
Bxc6 {White is able to win the black queen for two rooks, but that would only
help the adversary.} (24. Rd1 fxe5 25. Be6+ Rxe6 26. Rxd6 Rexd6 $15) 24... bxc6
25. Qc4 (25. Qb6 Rxe5 $11) 25... Rxe5 {The defender has correctly estimated
the position to be about equal, so there was little point in trying his luck
with the more dangerous recapture with 25...fxe5.} (25... fxe5 26. Qxa6+ Kb8
27. Re4 c5 28. Bxe5 Rxe5 29. Qxd6+ Rxd6 30. Rxe5 Rd2+ 31. Kg3 Rxc2 $11) (25...
Kb7 26. Qb3+ Kc8 (26... Ka7 $2 27. Bb4 $18) 27. Qb6 $11) 26. Qxa6+ Kb8 (26...
Kd7 27. Bxe5 fxe5 28. Qe2 Qf6 29. Qxe5 Qh4+ 30. Kg2 Qg4+ 31. Qg3 Qxf5 $11) 27.
Qb6+ (27. Bxe5 fxe5 28. Qe2 g6 29. fxg6 e4+ 30. Kh1 Qxg6 31. Qxe4 Qxe4+ 32.
Rxe4 Rd1+ 33. Kg2 Rd2+ 34. Kh3 Rxc2 35. Rb4+ $11) 27... Kc8 28. Qa6+ Kb8 {
The best players are feeling confident about showing new ways in well-known
openings and they certainly do it at a very high level.} 1/2-1/2

[Event "FIDE World Cup-C"]
[Site "Hyderabad"]
[Date "2002.10.11"]
[Round "2"]
[White "Al Modiahki, Mohamad"]
[Black "Hamdouchi, Hicham"]
[Result "1-0"]
[WhiteElo "2550"]
[BlackElo "2593"]
[Annotator "Ftacnik,L"]
[PlyCount "61"]
[EventDate "2002.10.05"]
[EventType "tourn"]
[EventRounds "5"]
[EventCountry "IND"]
[EventCategory "16"]
[SourceTitle "CBM 092"]
[Source "ChessBase"]
[SourceDate "2003.02.06"]
[SourceVersion "1"]
[SourceVersionDate "2003.02.06"]
[SourceQuality "1"]

1. e4 c5 2. Nf3 d6 3. d4 cxd4 4. Nxd4 Nf6 5. Nc3 a6 6. f4 Qc7 7. Be2 g6 8. g4
b5 {Ignoring the weakness of d5 square doesn't seem to be the most logical
choice, but it is certainly playable.} 9. g5 Nfd7 10. a4 bxa4 (10... b4 11. Nd5
Qb7 12. Bf3 (12. c3 bxc3 13. Bf3 cxb2 14. Bxb2 Qxb2 15. Rb1 Qa3 16. Qc2 Nc5 17.
Nc7+ Kd8 18. Nxa8 Qe3+ 19. Be2 Qxd4 20. Rxb8 $16) 12... e6 13. Ne3 h6) 11. Nd5
Qd8 (11... Qb7 12. Rxa4 Nc5 13. Rb4 Qa7 14. Nb6 Bb7 15. Nxa8 Qxa8 16. Rf1 $18)
12. Rxa4 e6 13. Nc3 Nb6 (13... h6 14. Be3 $14) 14. Ra2 Be7 15. h4 O-O (15... h6
16. Be3 Bb7 17. Nf3 $14) 16. h5 e5 (16... d5 17. hxg6 hxg6 18. Qd3 Kg7 19. Be3
$16) 17. hxg6 $1 fxg6 (17... exd4 18. gxh7+ Kg7 19. Qxd4+ f6 20. Nd5 N8d7 21.
g6 $18) (17... hxg6 18. Nf5 $1 gxf5 19. Bc4 Bxg5 20. fxg5 Be6 21. Qh5 $18) 18.
Nd5 $1 {[%mdl 64] White is playing with lots of stamina and his aggresive
attack is very difficult to meet due to the semiopen h file.} exd4 (18... Nxd5
19. Bc4 Bb7 20. Nf5 $1 (20. Ne6 Qc8 21. Bxd5 Rf7 22. Ra3 Bxd5 23. Qxd5 Qc6 24.
Rb3 Qxd5 25. exd5 $16) 20... Ra7 21. Bxd5+ Bxd5 22. Qxd5+ Kh8 23. Be3 Rd7 24.
Nd4 $18) 19. Qxd4 Be6 (19... Nxd5 20. Qxd5+ Kh8 21. Qxa8 $18) (19... N6d7 20.
Bc4 Rf7 21. Nxe7+ Qxe7 22. Qd5 Nb6 23. Qxf7+ Qxf7 24. Bxf7+ Kxf7 25. Rxh7+ $18)
(19... N8d7 20. Bd2 Rf7 21. Bc3 $18) 20. Qxb6 Qxb6 (20... Bxd5 21. Qxd8 Bxd8
22. exd5 $18) 21. Nxb6 Bxa2 22. Nxa8 Nd7 (22... d5 23. Nc7 dxe4 24. b3 Bb4+ 25.
Kf2 Bc3 26. Nd5 Bd4+ 27. Be3 Nc6 28. Bxa6 $18) 23. b3 $1 {The key move in a
spirited attacking position, locking out the bishop on a2 is very impressive.}
Rxa8 (23... Rc8 24. Bxa6 Rxc2 25. Bc4+ Kf8 (25... Rxc4 26. bxc4 Bxc4 27. Ba3
$18) 26. Be3 Bxb3 27. Bxb3 Rc3 28. Bd5 Rxe3+ 29. Kf2 Ra3 30. Rxh7 $18) 24. Bc4+
Kf8 (24... Kg7 25. Bb2+ Kf8 26. Rxh7 $18) 25. Rxh7 Ke8 (25... Ra7 26. Rh8+ Kg7
27. Bb2+ Ne5 28. Re8 $18) 26. f5 gxf5 (26... Rc8 27. Bf7+ Kf8 (27... Kd8 28.
fxg6) 28. fxg6 Rd8 29. Be6 $18) 27. g6 $1 Bf6 (27... Bf8 28. Rh8 Rc8 29. g7
Rxc4 30. g8=Q Rxe4+ 31. Kf2 $18) 28. g7 Bxg7 29. Rxg7 fxe4 30. Bh6 (30. Bf7+
Kd8 31. Be6 Ra7 32. Bf4 d5 33. Bd6 Kc8 34. Bxd5 $18) 30... Ra7 31. Rg8+ (31.
Rg8+ Ke7 32. Bg5+ Nf6 33. Rg7+ $18) 1-0

[Event "Santiago Entel Cup"]
[Site "Santiago de Chile"]
[Date "2004.03.23"]
[Round "4"]
[White "Cubas, Jose Fernando"]
[Black "Velasquez Ojeda, Cesar"]
[Result "1-0"]
[WhiteElo "2394"]
[BlackElo "2359"]
[Annotator "Ftacnik,L"]
[PlyCount "83"]
[EventDate "2004.03.22"]
[EventType "tourn"]
[EventRounds "11"]
[EventCountry "CHI"]
[EventCategory "9"]
[SourceTitle "CBM 100"]
[Source "ChessBase"]
[SourceDate "2004.06.01"]
[SourceVersion "1"]
[SourceVersionDate "2004.06.01"]
[SourceQuality "1"]

1. e4 c5 2. Nf3 d6 3. d4 cxd4 4. Nxd4 Nf6 5. Nc3 a6 6. f4 e5 7. Nf3 Nbd7 8. a4
d5 9. exd5 e4 10. Ne5 Bc5 11. Nc4 O-O 12. Be3 Qc7 13. Be2 $2 {White is too
generous in the wrong moment, pawn f4 was too valuable to be so easily
sacrificed.} (13. Qd2 Re8 14. d6 Qc6 15. Bxc5 Qxc5 16. Qe3 Qb4 17. Be2 $16)
13... Bxe3 14. Nxe3 Qxf4 15. Qd2 Qh4+ $6 (15... Re8 16. O-O-O b5 $1 17. g3 Qc7
$15) 16. g3 Qh3 17. O-O-O b5 18. Qd4 bxa4 (18... Re8 19. axb5 axb5 20. Nxb5 $14
) 19. Nxe4 (19. Nxa4 Re8 20. c4 Rb8 21. c5 a5 22. Qc3 $13) 19... Nxe4 (19...
Rb8 20. Nd6 $14) 20. Qxe4 Nf6 21. Qf4 Re8 22. Rd4 Ra7 23. d6 {Passed pawn in
the center is very unpleasant for black, but the position is still very
playable for the second player.} (23. Bd3 Rae7 24. Nf5 Re5 25. Nd6 Re1+ 26.
Rxe1 Rxe1+ 27. Kd2 Rh1 $13) 23... a3 (23... Qe6 24. Rd3 Bb7 25. Re1 Be4 26. Bg4
Nxg4 27. Nxg4 f5 28. Nf2 Rf7 $11) 24. b3 (24. bxa3 Qe6 25. Kd2 Ne4+ 26. Qxe4
Qxe4 27. Rxe4 Rxe4 28. Bd3 Re6 29. Nf5 Kf8 30. Rb1 g6 31. Rb8 Re8 32. Ne7 $14)
24... Qe6 25. Rd3 Bb7 26. Rhd1 Be4 27. Rc3 h6 (27... Rd7 28. Bc4 Qh3 $13) 28.
Bc4 Qh3 29. Bd3 Rd7 30. Kb1 Bxd3 (30... Qxh2 31. Ng4 Nxg4 32. Qxg4 f5 33. Qg6
Red8 34. Bxe4 fxe4 35. Qxe4 Qf2 $11) 31. Rcxd3 Qxh2 32. Ng4 Nxg4 33. Qxg4 Re2
$2 (33... a2+ 34. Kb2 a1=Q+ 35. Rxa1 Red8 36. Rxa6 Qf2 37. Qf3 Qc5 $14) 34. Rc3
$2 {[%mdl 8192] Both players have missed the nice tactical idea with check on
c2 giving white the winning advantage after consuming the d7 rook.} (34. Qxd7
$1 Rxc2 35. R3d2 Rb2+ (35... Rxd2 36. Rxd2 Qxd2 37. Qc8+ Kh7 38. Qc2+ Qxc2+ 39.
Kxc2 $18) 36. Kc1 Rxd2 37. Qc8+ Kh7 38. Qf5+ Kg8 39. Rxd2 Qg1+ 40. Rd1 $18)
34... Re6 (34... a2+ 35. Ka1 Rxc2 36. Qxd7 Rxc3 37. Qe8+ Kh7 38. Qe4+ g6 39.
Rf1 $18) 35. Rc8+ Kh7 36. Qf5+ g6 37. Qf4 Qe2 38. Qd4 (38. Rd2 Qe1+ 39. Ka2 g5
40. Qd4 Qxg3 $15) 38... Qe5 $2 {Horrible defensive decision, since now white
passed pawns are simply unstopable.} (38... Re8 39. Rxe8 Qxe8 40. Ka2 Qe2 41.
Qd3 Qg4 $13) 39. Qxe5 Rxe5 40. c4 Re3 41. Ka2 Rb7 (41... Kg7 42. c5 Re6 43.
Kxa3 g5 44. Ra8 $18) 42. d7 1-0

[Event "Villa Martelli Masters KO"]
[Site "Villa Martelli"]
[Date "2002.04.16"]
[Round "3.1"]
[White "Ginzburg, Maximiliano"]
[Black "Ricardi, Pablo"]
[Result "1-0"]
[WhiteElo "2445"]
[BlackElo "2544"]
[Annotator "Ftacnik,L"]
[PlyCount "71"]
[EventDate "2002.04.12"]
[EventType "k.o."]
[EventRounds "3"]
[EventCountry "ARG"]
[SourceTitle "CBM 089"]
[Source "ChessBase"]
[SourceDate "2002.08.12"]
[SourceVersion "1"]
[SourceVersionDate "2002.08.12"]
[SourceQuality "1"]

1. e4 c5 2. Nf3 d6 3. d4 cxd4 4. Nxd4 Nf6 5. Nc3 a6 6. f4 Qc7 7. Bd3 Nbd7 8. a4
e6 9. Be3 Be7 10. O-O b6 11. Kh1 Bb7 12. Bg1 {Original square for the bishop
as white wants to put pressure against the black's castling position.} O-O 13.
Qe2 Nc5 14. Rf3 g6 (14... d5 15. e5 Nfe4 16. Bxe4 dxe4 17. Rg3 $14) 15. Raf1 d5
$6 {[%mdl 32] Locking up the b7 bishop is rarely good in sicilian opening,
white will be able to continue his attack without worries about the own e4
pawn.} (15... Rad8 $5 16. Rh3 e5 $11) 16. e5 Nfe4 17. Bxe4 Nxe4 (17... dxe4 18.
Rh3 Rfd8 19. Rd1 $14) 18. Rh3 Qd7 (18... Nxc3 19. Rxc3 Qd7 20. Rg3 Qxa4 21. f5
Qc4 22. Qf3 $40) 19. f5 $1 exf5 (19... gxf5 $2 20. Nxe4 dxe4 21. Qh5 $18) 20.
Nxf5 Qe6 (20... gxf5 21. Nxe4 Qe6 22. Qh5 Qg6 23. Rg3 $18) (20... Nxc3 21.
Nxe7+ Qxe7 22. Rxc3 f6 23. e6 Rae8 24. Re1 $16) 21. Nxe7+ Qxe7 22. Bd4 Rad8 (
22... Nxc3 23. Rxc3 $16) 23. Nxe4 dxe4 24. Qe3 {Opposite coloured bishops are
quite dangerous for the defender, black must always watch the weak squares
around his king.} Bc8 (24... b5 $2 25. Qh6 f5 26. Bc5 $18) 25. Rg3 Qb4 (25...
b5 $2 26. Bc5 $16) 26. c3 (26. Bxb6 Rd5 27. c3 Qxa4 28. Bd4 $14) 26... Qc4 $6 (
26... Qxb2 $1 27. Qxe4 Qb3 $13) 27. Kg1 Be6 28. Qxe4 Qxa4 29. h4 $1 {Ricardi
stands no real chance to defend against all white's unpleasant small threats.}
Bc4 (29... Qb3 30. Rf2 Rd7 31. Qf3 Rfd8 32. h5 $40) 30. Rf6 Qd1+ 31. Kh2 Qe2
32. Qf4 Bd5 (32... Qxb2 33. Rxb6 (33. e6 Bxe6 34. Qh6 Rxd4 35. Rfxg6+ fxg6 36.
Rxg6+ hxg6 37. Qxg6+ $11) 33... Qe2 34. Qf6 Be6 35. Be3 Qh5 36. Rxa6 $16) 33.
Qg5 Rfe8 34. h5 Qe4 35. Rf4 Qc2 36. Qf6 1-0

[Event "ASEAN GM 2nd"]
[Site "Bangkok"]
[Date "2004.07.26"]
[Round "7"]
[White "Zaw, Win Lay"]
[Black "Dao, Thien Hai"]
[Result "0-1"]
[WhiteElo "2532"]
[BlackElo "2583"]
[Annotator "Ftacnik,L"]
[PlyCount "76"]
[EventDate "2004.07.22"]
[EventType "tourn"]
[EventRounds "10"]
[EventCountry "THA"]
[EventCategory "12"]
[SourceTitle "CBM 103"]
[Source "ChessBase"]
[SourceDate "2004.11.11"]
[SourceVersion "1"]
[SourceVersionDate "2004.11.11"]
[SourceQuality "1"]

1. e4 c5 2. Nf3 d6 3. d4 cxd4 4. Nxd4 Nf6 5. Nc3 a6 6. f4 e5 7. Nf3 Qc7 8. Bd3
b5 9. O-O Bb7 10. Qe2 Nbd7 11. Bd2 Be7 12. b4 {Radical and interesting
solution, white is fixating the pawn structure in order to get chances on the
queenside.} (12. Kh1 Nb6 (12... O-O 13. Nh4 (13. Rae1 Rfe8 14. a4 b4 15. Nd5
Bxd5 16. exd5 e4 17. Bxe4 Bf8 18. Ng5 Nxe4 19. Nxe4 f5 20. Bxb4 Rxe4 21. Qd3
Rxb4 {0-1 Rice,C-Bates,R/Sutton 1997/ (21)}) 13... Rfe8 (13... Nc5 14. Nf5 b4
15. fxe5 dxe5 16. Nd5 Bxd5 17. exd5 Nxd3 18. Qxd3 e4 19. Nxe7+ Qxe7 20. Qd4 a5
21. Bg5 Ra6 22. c4 bxc3 23. bxc3 Rc8 24. Rad1 {1-0 Durao,J-Galego,L/Portugal
1995/ (41)}) 14. Nf5 Bf8 15. b4 exf4 16. Rxf4 d5 17. Rh4 dxe4 18. Nxe4 Nxe4 19.
Bxe4 Nf6 20. Ng3 Nxe4 21. Nxe4 Qxc2 {0-1 Durao,J-Mantovani,R/Lugano 1986/ (29)}
) 13. a4 b4 14. Nd1 a5 15. c3 bxc3 16. Nxc3 O-O 17. Nb5 Qb8 18. Qe1 exf4 19.
Bxa5 Nfd7 20. b3 Bd8 21. Bd2 Nc5 22. Qb1 {1-0 Crotto,R-Garcia Padron,M/Haifa
1976/ (39)}) 12... O-O 13. a4 bxa4 14. Rxa4 (14. Nxa4 d5 15. exd5 Nxd5 16. Nxe5
Nxb4 (16... Nxe5 17. Qxe5 Qxe5 18. fxe5 Bxb4 19. Bxb4 Nxb4 20. Nc5 $14) 17.
Bxb4 Bxb4 18. Bxh7+ Kxh7 19. Qd3+ Kg8 20. Qxd7 $14) 14... exf4 15. Kh1 (15. Nh4
Rae8 16. Nf5 d5 $1 17. Nxd5 Nxd5 18. Qg4 Qb6+ 19. Kh1 Qg6 $17) 15... Rfe8 $1 {
[%mdl 32] Simple and very sensible decision to meet the pressure on the
queenside with counterattack in the center.} 16. Bxa6 Bf8 (16... d5 17. Bxb7
Rxa4 18. Nxa4 Qxb7 19. e5 Ne4 20. c3 g5 $17) 17. Bb5 (17. b5 d5 18. e5 Ne4 $15)
(17. Qd3 Bxa6 18. Rxa6 Rxa6 19. Qxa6 Nxe4 20. Nxe4 Rxe4 21. Qd3 Qc4 $15) 17...
Rxa4 18. Bxa4 Nxe4 19. Nxe4 (19. Qd3 Nxd2 20. Qxd2 Re3 21. Nd5 Bxd5 22. Qxd5
Nf6 23. Qc6 Qb8 24. b5 d5 $17) 19... Rxe4 20. Qb5 $6 {Zaw insists on proving
the correctness of his decisonj to make queenside his territory of an attack.
It was better to concentrate on limiting the demage with 20.Qf2.} (20. Qf2 Nb6
21. Bb3 Be7 22. Nd4 Bg5 $15) 20... Nb6 (20... Ne5 21. Nxe5 dxe5 22. c3 Rc4 23.
Bb3 Rc6 $17) 21. Bb3 (21. Qa5 Bd5 22. Bb5 Bc4 $17) 21... h6 22. Ra1 g5 23. Qf5
(23. Ra7 Re7 24. Qf5 Bg7 25. c4 Qb8 26. Ra5 Be4 $17) 23... d5 $1 {Apart from
beeing a good defensive mood black has a hidden ambition to trap the white
queen on f5.} 24. Ra7 Qb8 25. Bc3 (25. Ra5 Bxb4 26. Rb5 Qd8 27. Bxb4 Bc8 28.
Rxd5 Qxd5 29. Bxd5 Bxf5 30. Bxe4 Bxe4 31. c3 Nd5 32. Nd2 f5 $19) 25... Bg7 (
25... Qxa7 $4 26. Qf6 d4 27. Qxf7+ Kh8 28. Qg8#) 26. Bxg7 Kxg7 27. Rxb7 (27.
Ra5 Bc8 $19) 27... Qxb7 28. h4 Qd7 29. Qxd7 (29. Nd4 Qxf5 30. Nxf5+ Kg6 $19)
29... Nxd7 30. Bxd5 Rxb4 {The rest is not too difficult, since material
disparity in black's favour is enormous.} 31. hxg5 h5 (31... hxg5 32. Nxg5 Rb1+
33. Kh2 Ne5 34. g3 Rb5 35. c4 Nxc4 36. Bxc4 fxg3+ 37. Kxg3 Rxg5+ $19) 32. Kh2
Nb6 33. Bb3 Nc4 34. g3 (34. Kh3 Ne3 35. Ne5 Rb5 $19) 34... fxg3+ 35. Kxg3 Nd6
36. Kg2 Rg4+ 37. Kh2 Ne4 38. Ne5 Rh4+ (38... Rh4+ 39. Kg2 Nxg5 $19) 0-1

[Event "Belgrade Investbank"]
[Site "Belgrade"]
[Date "1995.??.??"]
[Round "1"]
[White "Ljubojevic, Ljubomir"]
[Black "Gelfand, Boris"]
[Result "1/2-1/2"]
[WhiteElo "2600"]
[BlackElo "2685"]
[Annotator "Gelfand,B"]
[PlyCount "49"]
[EventDate "1995.11.??"]
[EventType "tourn"]
[EventRounds "11"]
[EventCountry "YUG"]
[EventCategory "17"]
[SourceTitle "CBM 051"]
[Source "ChessBase"]
[SourceDate "1996.04.01"]
[SourceVersion "1"]
[SourceVersionDate "1996.04.01"]
[SourceQuality "1"]

1. e4 c5 2. Nf3 d6 3. d4 cxd4 4. Nxd4 Nf6 5. Nc3 a6 6. f4 Nbd7 7. Qf3 e5 8. Nf5
b5 9. a3 Bb7 10. Bd3 g6 11. Ne3 exf4 $146 (11... Bg7 {Renet-Olafsson,H,
St-Martin,92}) 12. Qxf4 Ne5 13. a4 $1 (13. O-O Bg7 14. a4 b4 15. Ncd5 Bxd5 16.
exd5 b3 $15) 13... b4 (13... bxa4 $5) 14. Ncd5 Bxd5 15. exd5 b3 (15... Bg7 $5
16. Qxb4 Nxd3+ 17. cxd3 O-O 18. O-O $14) 16. Nc4 $1 (16. a5 Bg7 17. Qa4+ Nfd7)
16... Nh5 17. Qe3 (17. Qf2 $5 bxc2 $1 18. Nxe5 dxe5 19. O-O Qc7 20. Be3 Bd6 21.
Rac1 O-O 22. Rxc2 Qe7 23. a5 $13) 17... Bg7 18. cxb3 O-O (18... Qh4+ 19. g3
Nxg3 20. Qxg3 Nxd3+ 21. Kd2 Qxg3 22. hxg3 Nxc1 (22... Nb4 23. Re1+ $1 Kd8 24.
Nb6 Rb8 25. a5) 23. Re1+ $1 Kd8 24. Kxc1 $14 {/}) 19. Nxe5 (19. O-O Ng4 $1 $40)
19... Bxe5 (19... dxe5 20. Bc4 Nf4 21. Qf3 $16) 20. O-O f5 $1 (20... Qh4 21. g3
Nxg3 22. hxg3 Bxg3 23. Qh6 Qd4+ 24. Kg2 Qxd3 25. Rf3 Qd1 26. Bg5 $3 $18) 21. a5
Qh4 22. Qh3 (22. g3 Nxg3 23. hxg3 Bxg3 24. Qd2 (24. Qh6 Qd4+ (24... Qg4 25. Kh1
f4 26. Ra4 Bh4 27. Raxf4 (27. Bxf4 $5) 27... Qh3+ $10) 25. Kg2 (25. Qe3 Qh4)
25... Qxd3 26. Rf3 Qd1 27. Rxg3 f4 $1 $10 (27... Rae8 28. Be3 $3 Qxa1 29. Rxg6+
hxg6 30. Qxg6+ Kh8 31. Bd4+ Re5 32. Qxd6 Rg8+ 33. Kh2)) 24... Rae8 25. Ra4 f4
26. Be4 $13) 22... Qd4+ 23. Qe3 (23. Kh1 Ng3+ 24. hxg3 Qxd3) 23... Qh4 24. Qh3
Qd4+ 25. Qe3 1/2-1/2